| 000 | 00453nam a2200181Ia 4500 | ||
|---|---|---|---|
| 001 | 21484 | ||
| 005 | 20260306172922.0 | ||
| 008 | 260306t2021||||xx |||||||||||||| ||spa|| | ||
| 041 | _aESP | ||
| 082 |
_a345.1 _bG312 T. 2 |
||
| 110 | _aGaceta Jurídica | ||
| 245 | 0 |
_aCódigo procesal penal comentado : _bartículos 114 al 320 |
|
| 260 | _c2021 | ||
| 300 |
_a1070 páginas : _c25 cm. |
||
| 650 | _aGEN | ||
| 654 | _aCDE | ||
| 942 |
_cLIB _dJUS _fJUS _2ddc _n |
||
| 999 |
_c21484 _d21484 |
||